| 000 | 00343nam a2200145Ia 4500 | ||
|---|---|---|---|
| 008 | 230312s9999||||xx |||||||||||||| ||und|| | ||
| 020 | _a1-58079-356-5 | ||
| 082 |
_a720.19 _bBRO-P |
||
| 100 | _aBrown; Simon | ||
| 245 | 0 | _aPractical Feng Shui | |
| 260 |
_bWard Lock _aBrithish _c1997 |
||
| 300 | _a160 | ||
| 650 | _aArchitecture | ||
| 942 | _cBK | ||
| 999 |
_c11790 _d11790 |
||